Pasajeros en arcadía y otros cuentos (Record no. 23090)

MARC details
000 -LEADER
campo de control de longitud fija 00455ntaaa2200169 4500
003 - IDENTIFICADOR DE NÚMERO DE CONTROL
campo de control 01
005 - FECHA Y HORA DE LA ÚLTIMA TRANSACCIÓN
campo de control 20251027202757.0
008 - DATOS DE LONGITUD FIJA--INFORMACIÓN GENERAL
campo de control de longitud fija 0714s1973 ag 01
040 ## - FUENTE DE CATALOGACIÓN
Centro catalogador/agencia de origen AR-BaBN
Lengua de catalogación spa
Centro/agencia transcriptor AR-BaBN
Normas de descripción aacr
Centro/agencia modificador RIC
082 ## - NÚMERO DE LA CLASIFICACIÓN DECIMAL DEWEY
Número de clasificación 813.0000 H39
100 ## - ENTRADA PRINCIPAL--NOMBRE DE PERSONA
Nombre de persona Henry, O (William Sydney Porter)
9 (RLIN) 27997
245 ## - MENCIÓN DEL TÍTULO
Título Pasajeros en arcadía y otros cuentos
250 ## - MENCION DE EDICION
Mención de edición 1 ed.
260 ## - PUBLICACIÓN, DISTRIBUCIÓN, ETC.
Lugar de publicación, distribución, etc. Buenos Aires :
Nombre del editor, distribuidor, etc. Editorial Hobbs-Sudamericana,
Fecha de publicación, distribución, etc. c1966
300 ## - DESCRIPCIÓN FÍSICA
Extensión 294 p
942 ## - ELEMENTOS DE ENTRADA SECUNDARIOS (KOHA)
Tipo de ítem Koha Colección General
Holdings
Estatus retirado Estado de pérdida Estado de daño No para préstamo Biblioteca de origen Biblioteca actual Fecha de adquisición Número de inventario Total de préstamos Signatura topográfica completa Código de barras Visto por última vez Precio de reemplazo Tipo de ítem Koha
        Biblioteca Pluis Biblioteca Pluis 27/10/2025 20923   813.0000 H39 20923 27/10/2025 27/10/2025 Colección General